Метафоры магии в концепциях научно-технического творчества; Современные техника и технологии; Т. 3

Бібліографічні деталі
Parent link:Современные техника и технологии: сборник трудов XVI Международной научно-практической конференции студентов, аспирантов и молодых ученых, Томск, 12-16 апреля 2010 г/ Национальный исследовательский Томский политехнический университет (ТПУ).— , 2010
Т. 3.— 2010.— [С. 414-416]
Автор: Степанов А. А.
Інші автори: Зольникова Л. М. Людмила Михайловна, Мойзес Б. Б. Борис Борисович
Резюме:Заглавие с титульного листа
Электронная версия печатной публикации
Мова:Російська
Опубліковано: 2010
Предмети:
Онлайн доступ:http://www.lib.tpu.ru/fulltext/c/2010/C01/V1/196.pdf
Формат: Електронний ресурс Частина з книги
KOHA link:https://koha.lib.tpu.ru/cgi-bin/koha/opac-detail.pl?biblionumber=237336

MARC

LEADER 00000nla2a2200000 4500
001 237336
005 20240117115251.0
035 |a (RuTPU)RU\TPU\book\258508 
035 |a RU\TPU\book\258403 
090 |a 237336 
100 |a 20130514d2010 k y0rusy50 ca 
101 0 |a rus 
102 |a RU 
105 |a y z 101zy 
135 |a drnn ---uucaa 
181 0 |a i  
182 0 |a b 
200 1 |a Метафоры магии в концепциях научно-технического творчества  |f А. А. Степанов, Л. М. Зольникова, Б. Б. Мойзес 
203 |a Текст  |c электронный 
215 |a 1 файл (155 Кб) 
300 |a Заглавие с титульного листа 
300 |a Электронная версия печатной публикации 
337 |a Adobe Reader 
461 0 |0 (RuTPU)RU\TPU\book\245271  |t Современные техника и технологии  |o сборник трудов XVI Международной научно-практической конференции студентов, аспирантов и молодых ученых, Томск, 12-16 апреля 2010 г  |o в 3 т.  |f Национальный исследовательский Томский политехнический университет (ТПУ)  |d 2010 
463 0 |0 (RuTPU)RU\TPU\book\255783  |t Т. 3  |v [С. 414-416]  |d 2010  |p [442 с.] 
610 1 |a электронный ресурс 
610 1 |a труды учёных ТПУ 
610 1 |a магия 
610 1 |a метафоры 
610 1 |a первобытные религии 
610 1 |a магические знаки 
610 1 |a экспериментальные разработки 
610 1 |a эксперименты 
610 1 |a научно-техническое творчество 
700 1 |a Степанов  |b А. А. 
701 1 |a Зольникова  |b Л. М.  |c начальник отдела  |c отдел организации НИР студентов и молодых учёных Томского политехнического университета  |g Людмила Михайловна  |3 (RuTPU)RU\TPU\pers\24485 
701 1 |a Мойзес  |b Б. Б.  |c специалист в области машиностроения  |c доцент Томского политехнического университета, кандидат технических наук  |f 1975-  |g Борис Борисович  |3 (RuTPU)RU\TPU\pers\26722  |9 12380 
801 1 |a RU  |b 63413507  |c 20130213 
801 2 |a RU  |b 63413507  |c 20130514  |g RCR 
856 4 |u http://www.lib.tpu.ru/fulltext/c/2010/C01/V1/196.pdf 
942 |c CF